| 000 | 00412nam a2200181Ia 4500 | ||
|---|---|---|---|
| 001 | 1830 | ||
| 005 | 20260306143757.0 | ||
| 008 | 260306t1996||||xx |||||||||||||| ||spa|| | ||
| 041 | _aESP | ||
| 082 |
_a155.671 _bLL715 |
||
| 100 |
_aLladó, Miguel _eAUT |
||
| 245 | 0 | _aLa Cuarta Edad | |
| 260 | _c1996 | ||
| 300 |
_a203 páginas : _c21 x 15 cm. |
||
| 650 | _aGEN | ||
| 654 | _aCPS | ||
| 942 |
_cLIB _dJUS _fJUS _2ddc _n |
||
| 999 |
_c1830 _d1830 |
||